[Event "EU-ch U14"]
[Site "Peniscola"]
[Date "2002.09.29"]
[Round "1"]
[White "Boros, Denes"]
[Black "Poobalasingam, Peter"]
[Result "1-0"]
[WhiteElo "2398"]
[BlackElo "2030"]
[PlyCount "53"]
[EventDate "2002.09.??"]
[Source "ChessBase"]
[SourceDate "2002.11.06"]

1. e4 e6 2. d4 d5 3. Nc3 Nf6 4. Bd3 dxe4 5. Nxe4 Nxe4 6. Bxe4 c5 7. d5 f5 8. Bf3 e5 9. Ne2 Bd6 10. g3 O-O 11. O-O f4 12. Nc3 Bh3 13. Re1 fxg3 14. hxg3 Bf5 15. Ne4 Bxe4 16. Bxe4 Nd7 17. Qd3 Nf6 18. Bf5 Qc7 19. c4 Rae8 20. Bg5 h6 21. Bd2 Kh8 22. Kg2 e4 23. Bxe4 Nxe4 24. Rxe4 Qf7 25. Re2 Be5 26. Rh1 Qf6 27. Rhe1 1-0

[Event "Spring Festival"]
[Site "Budapest"]
[Date "2002.03.23"]
[Round "9"]
[White "Csapo, Zoltan"]
[Black "Wolter, Michael"]
[Result "0-1"]
[WhiteElo "2193"]
[BlackElo "2211"]
[PlyCount "72"]
[EventDate "2002.03.15"]
[Source "ChessBase"]
[SourceDate "2002.05.03"]

1. e4 e6 2. d4 d5 3. Nc3 Nf6 4. Bd3 c5 5. exd5 exd5 6. Qe2+ Be7 7. dxc5 O-O 8. Bg5 h6 9. Bh4 Bg4 10. f3 Be6 11. O-O-O Qa5 12. Nh3 g5 13. Bxg5 hxg5 14. Nxg5 d4 15. Nb1 Qxa2 16. Rhe1 Re8 17. Nxe6 Qxe6 18. Qf2 Qd5 19. Qg3+ Kf8 20. Re5 Qc6 21. Qf4 Ng8 22. Rf5 Bf6 23. Na3 Qe6 24. Kb1 Nd7 25. Nb5 Be5 26. Qh4 Nxc5 27. Rh5 Nxd3 28. Rxd3 Rad8 29. Qf2 a6 30. f4 Bg7 31. Na3 Qe1+ 32. Qxe1 Rxe1+ 33. Ka2 Re2 34. g4 Nf6 35. Rh4 Nd5 36. g5 Nb4+ 0-1

[Event "Hamburg"]
[Site "?"]
[Date "1997.??.??"]
[Round "9"]
[White "Paust Wolf Dieter"]
[Black "Putzbach Gerd"]
[Result "0-1"]
[WhiteElo "2130"]
[BlackElo "2250"]
[PlyCount "77"]
[EventDate "1997.??.??"]
[Source "www.chesslib.no"]
[SourceDate "2004.05.04"]

1. e4 e6 2. d4 d5 3. Nc3 Nf6 4. Bd3 c5 5. Nf3 Nc6 6. Be3 c4 7. Be2 Qb6 8. e5 Qxb2 9. Na4 Qa3 10. exf6 Qxa4 11. fxg7 Bxg7 12. Qd2 Bd7 13. O-O O-O-O 14. Rfb1 f6 15. c3 Qa3 16. Rb2 e5 17. Rab1 Bf5 18. Rd1 Be4 19. Rb5 a6 20. Rb2 Bxf3 21. Bxf3 exd4 22. Bxd4 Nxd4 23. cxd4 f5 24. Rdb1 b5 25. Qf4 Rhf8 26. Re2 Qd3 27. Rbe1 Qxd4 28. Qc1 Qc5 29. Re7 Bd4 30. R1e6 Bxf2+ 31. Kh1 Rf6 32. Qf4 Rxe6 33. Rxe6 Kb7 34. Qxf5 Qd4 35. g3 Rd7 36. Re5 Kb6 37. Bxd5 Rd6 38. Kg2 Be3 39. Qf3 0-1

[Event "Int Youth Games U16 Girls"]
[Site "Moscow"]
[Date "2002.06.18"]
[Round "1"]
[White "Akatova, Ekaterina"]
[Black "Tomilova, Elena"]
[Result "0-1"]
[WhiteElo "2050"]
[BlackElo "2311"]
[PlyCount "110"]
[EventDate "2002.06.18"]
[Source "ChessBase"]
[SourceDate "2002.07.08"]

1. e4 e6 2. d4 d5 3. Nc3 Nf6 4. Bd3 c5 5. Nf3 c4 6. Be2 Nc6 7. Bg5 Be7 8. Bxf6 Bxf6 9. e5 Be7 10. O-O O-O 11. Qd2 a6 12. Nd1 b5 13. c3 Rb8 14. h3 f6 15. exf6 Bxf6 16. Ne3 Be7 17. Ng4 Bd6 18. Nge5 Bxe5 19. Nxe5 Nxe5 20. dxe5 Bd7 21. f4 Qb6+ 22. Kh2 Kh8 23. g4 b4 24. Rab1 bxc3 25. bxc3 Qc5 26. Rxb8 Rxb8 27. f5 Qc7 28. Qe3 exf5 29. Bf3 Re8 30. Re1 fxg4 31. Bxd5 gxh3 32. Qf4 Qb8 33. Re2 Rf8 34. Qg3 Qb5 35. Rd2 Bc6 36. Bxc6 Qxc6 37. Qxh3 Qc7 38. Qg3 h6 39. e6 Qc5 40. Rg2 Qe7 41. Re2 Rf5 42. Re5 Rf6 43. Qe3 Rg6 44. Qe4 Rf6 45. Qe3 Qd6 46. Kh3 Qe7 47. Kh2 Rf8 48. Qg3 Rd8 49. Qf4 Rd6 50. Qxc4 Rd2+ 51. Re2 Rd1 52. Qf4 Qc5 53. Qg4 Qd6+ 54. Kg2 Qd5+ 55. Re4 Re1 0-1

[Event "Bahn-chM"]
[Site "?"]
[Date "2000.09.25"]
[Round "2"]
[White "Mueller Klaus"]
[Black "Harzer Paul"]
[Result "1/2-1/2"]
[WhiteElo "2288"]
[BlackElo "2071"]
[PlyCount "52"]
[EventDate "2000.??.??"]
[Source "www.chesslib.no"]
[SourceDate "2004.05.04"]

1. e4 e6 2. d4 d5 3. Nc3 Nf6 4. Bd3 c5 5. dxc5 dxe4 6. Bb5+ Bd7 7. Be3 a6 8. Bc4 Nc6 9. Qe2 Qa5 10. O-O-O Bxc5 11. Bd2 Nd4 12. Qf1 Rc8 13. Nxe4 Qa4 14. Nxf6+ gxf6 15. Qd3 b5 16. Bb3 Nxb3+ 17. Qxb3 Qxb3 18. axb3 Rg8 19. g3 Bc6 20. f3 Bxg1 21. Rhxg1 Bxf3 22. Rde1 f5 23. Re3 Be4 24. Rc3 Ke7 25. Re1 f6 26. Be3 Rxc3 1/2-1/2

[Event "RLP Team Ch 9899"]
[Site "?"]
[Date "1999.01.10"]
[Round "5.6"]
[White "Mueller Frank"]
[Black "Abhau Jochen"]
[Result "1/2-1/2"]
[WhiteElo "2095"]
[BlackElo "2226"]
[PlyCount "104"]
[EventDate "1999.??.??"]
[Source "www.chesslib.no"]
[SourceDate "2004.05.04"]

1. e4 e6 2. d4 d5 3. Nc3 Nf6 4. Bd3 Bb4 5. e5 Ne4 6. Qg4 Nxc3 7. a3 Bf8 8. bxc3 c5 9. Nf3 c4 10. Be2 Nc6 11. O-O f5 12. exf6 Qxf6 13. Re1 Bd6 14. Qh5+ g6 15. Qh6 Bd7 16. Bg5 Qf7 17. Bf1 b6 18. Re2 Ne7 19. Bxe7 Qxe7 20. Ne5 O-O-O 21. a4 Rhf8 22. a5 b5 23. Rae1 Bxe5 24. Rxe5 Qa3 25. R5e3 Rf7 26. Be2 Qxa5 27. Bg4 Qa2 28. R3e2 Qb2 29. Qh3 Qa3 30. Bxe6 Bxe6 31. Rxe6 Rfd7 32. Re7 Kc7 33. Rxh7 a5 34. Qg3+ Qd6 35. Rxd7+ Rxd7 36. Qg4 Re7 37. Rxe7+ Qxe7 38. Qf4+ Kc6 39. h4 a4 40. Qg4 a3 41. Qc8+ Kd6 42. Qa6+ Kc7 43. Qa5+ Kd7 44. Qxb5+ Ke6 45. Qc6+ Qd6 46. Qc8+ Kf7 47. Qa8 Kg7 48. g3 Qe7 49. Kf1 Kh7 50. Qa5 Kg7 51. Qa8 Kh7 52. Qa5 Kg7 1/2-1/2

[Event "Guingamp FRA"]
[Site "?"]
[Date "2006.02.26"]
[Round "1"]
[White "Benmesbah Natascha"]
[Black "Andersson Christin"]
[Result "0-1"]
[WhiteElo "2145"]
[BlackElo "2170"]
[PlyCount "60"]
[EventDate "2006.??.??"]
[Source "www.chesslib.no"]
[SourceDate "2004.05.04"]

1. e4 e6 2. d4 d5 3. Nc3 Nf6 4. Bd3 dxe4 5. Nxe4 Nxe4 6. Bxe4 c5 7. Nf3 Nd7 8. c3 Be7 9. O-O Nf6 10. Bc2 b6 11. Ne5 Bb7 12. Ba4+ Kf8 13. Bc6 Bxc6 14. Nxc6 Qd5 15. Nxe7 Kxe7 16. dxc5 Qxc5 17. Be3 Qc6 18. Qd4 Rhd8 19. Qh4 Qe4 20. Bf4 Rd5 21. Rfe1 Qf5 22. Bc7 Rc8 23. Qb4+ Ke8 24. c4 Rd7 25. Bg3 Rcd8 26. Rac1 Ne4 27. Bh4 g5 28. f3 Nc5 29. Bg3 Nd3 30. Qc3 Nxc1 0-1

[Event "Foment Open"]
[Site "Foment"]
[Date "1994.??.??"]
[Round "?"]
[White "Fernandez Aguado, Juan Luis"]
[Black "Rius Colomer, Luis Albert"]
[Result "1/2-1/2"]
[WhiteElo "2285"]
[BlackElo "2030"]
[PlyCount "150"]
[EventDate "1994.??.??"]
[Source "www.chesslib.no"]
[SourceDate "2004.05.04"]

1. e4 e6 2. d4 d5 3. Nc3 Nf6 4. Bd3 dxe4 5. Nxe4 Nbd7 6. Nf3 Nxe4 7. Bxe4 Nf6 8. Bg5 Be7 9. Bd3 O-O 10. Qe2 c5 11. dxc5 Qa5+ 12. c3 Qxc5 13. O-O Bd7 14. Bxf6 Bxf6 15. Bxh7+ Kxh7 16. Qd3+ Kg8 17. Qxd7 Rfd8 18. Qa4 b5 19. Qe4 Rd5 20. Rad1 Rad8 21. Rxd5 Qxd5 22. Qxd5 Rxd5 23. Re1 b4 24. cxb4 Bxb2 25. Kf1 Rd3 26. Rb1 Bf6 27. Rb3 Rxb3 28. axb3 Kf8 29. Ke2 Be7 30. b5 Bc5 31. Ne5 Ke7 32. f4 f6 33. Nc4 Kf7 34. g4 g6 35. Kf3 Kg7 36. Nd2 f5 37. g5 Bd4 38. Nc4 Kf7 39. h3 Ke7 40. Na5 Kf7 41. Nc6 Bg1 42. Ne5+ Kg7 43. h4 Bd4 44. Nc6 Bg1 45. Nd8 Bb6 46. Nc6 Kf7 47. b4 Kf8 48. Ke2 Kf7 49. Ne5+ Kg7 50. Nd7 Bg1 51. Ne5 Bd4 52. Nc6 Bb6 53. Kd3 Kf8 54. Kc4 Kf7 55. Ne5+ Kg7 56. Nd7 Be3 57. Nc5 Kf7 58. b6 axb6 59. Nd3 Kg7 60. Kb5 e5 61. fxe5 Kf7 62. Ne1 Ke6 63. Nf3 Bf2 64. Kc6 Be3 65. h5 gxh5 66. g6 Bh6 67. Kxb6 h4 68. Kc5 h3 69. b5 h2 70. Nxh2 Kxe5 71. b6 Kf6 72. b7 Bf4 73. Nf3 Kxg6 74. Kd5 Kf6 75. Nd4 Bb8 1/2-1/2

[Event "LTU-ch"]
[Site "Vilnius"]
[Date "2000.03.27"]
[Round "3"]
[White "Rositsan, Boris"]
[Black "Laurynaitis, Laimonas"]
[Result "1-0"]
[WhiteElo "2212"]
[BlackElo "2081"]
[PlyCount "37"]
[EventDate "2000.03.25"]
[Source "ChessBase"]
[SourceDate "2000.05.11"]

1. e4 e6 2. d4 d5 3. Nc3 Nf6 4. Bd3 c5 5. dxc5 Bxc5 6. exd5 Nxd5 7. Nxd5 Qxd5 8. Bb5+ Nc6 9. Qxd5 exd5 10. Ne2 Bf5 11. c3 O-O 12. O-O a6 13. Ng3 Bg6 14. Ba4 d4 15. Bxc6 bxc6 16. Bd2 Rac8 17. b3 d3 18. Rfe1 f5 19. Re5 1-0

[Event "Uzes Open"]
[Site "Uzes"]
[Date "1989.??.??"]
[Round "2"]
[White "Fadel, Mario"]
[Black "Luce, Sebastien"]
[Result "0-1"]
[WhiteElo "1940"]
[BlackElo "2340"]
[PlyCount "76"]
[EventDate "1989.??.??"]
[Source "www.chesslib.no"]
[SourceDate "2004.05.04"]

1. e4 e6 2. d4 d5 3. Nc3 Nf6 4. Bd3 c5 5. exd5 cxd4 6. Bb5+ Bd7 7. Bxd7+ Qxd7 8. Qxd4 Nc6 9. Qd3 Nb4 10. Qe2 Nfxd5 11. Nxd5 Qxd5 12. Nf3 Rc8 13. O-O Rxc2 14. Qd1 Qxd1 15. Rxd1 Bc5 16. Nd4 Bxd4 17. Rxd4 Nd5 18. Rd2 Rc6 19. Re2 O-O 20. Be3 a6 21. Rd2 Rfc8 22. Rad1 Kf8 23. g4 Nxe3 24. fxe3 Rc1 25. Rxc1 Rxc1+ 26. Kf2 Ke7 27. g5 Rc5 28. h4 Rc4 29. Kg3 h6 30. Rh2 h5 31. Rd2 f6 32. gxf6+ gxf6 33. Rh2 f5 34. Rd2 Rg4+ 35. Kh3 Rg7 36. Rd4 e5 37. Rb4 b5 38. a4 Rg4 0-1

[Event "Ljubljana op"]
[Site "Ljubljana"]
[Date "1996.??.??"]
[Round "6"]
[White "Kecic, Stevan"]
[Black "Piber, Vinko"]
[Result "1-0"]
[WhiteElo "2245"]
[BlackElo "2025"]
[PlyCount "89"]
[EventDate "1996.??.??"]
[Source "ChessBase"]

1. e4 e6 2. d4 d5 3. Nc3 Nf6 4. Bd3 Nc6 5. Nf3 Be7 6. O-O O-O 7. e5 Nd7 8. Re1 Nb4 9. Bf1 c5 10. Ne2 cxd4 11. Nexd4 a5 12. c3 Nc6 13. Bd3 Nc5 14. Bc2 f5 15. exf6 Bxf6 16. Be3 Ne7 17. Bf4 Ng6 18. Bg3 Ra6 19. Ne5 Nxe5 20. Bxe5 Bxe5 21. Rxe5 Qf6 22. Qe2 g6 23. Re1 Ne4 24. Nf3 Nd6 25. Bd3 Rb6 26. Re3 Nf7 27. Ne5 Nxe5 28. Rxe5 Bd7 29. f3 a4 30. Qf2 Qd8 31. h4 Rf6 32. h5 Kg7 33. R1e2 Be8 34. Qd4 gxh5 35. Rxe6 Rbxe6 36. Rxe6 Bf7 37. Rxf6 Qxf6 38. Qxa4 Bg6 39. Bf1 Qb6+ 40. Qd4+ Qxd4+ 41. cxd4 Kf6 42. Kf2 Bb1 43. a4 Bc2 44. a5 Bb3 45. Bb5 1-0

[Event "Budapest HUN"]
[Site "?"]
[Date "2003.12.11"]
[Round "5"]
[White "Sallai Kalman"]
[Black "Nagy Laszlo"]
[Result "0-1"]
[WhiteElo "2198"]
[BlackElo "2064"]
[PlyCount "94"]
[EventDate "2003.??.??"]
[Source "www.chesslib.no"]
[SourceDate "2004.05.04"]

1. e4 e6 2. d4 d5 3. Nc3 Nf6 4. Bd3 c5 5. dxc5 dxe4 6. Bb5+ Bd7 7. Bg5 Bxc5 8. Qe2 Bb4 9. Bd2 Qb6 10. O-O-O Bxc3 11. Bxd7+ Nbxd7 12. Bxc3 O-O 13. h4 Rfc8 14. Bd4 Qa5 15. Rh3 b5 16. Kb1 b4 17. Qd2 e5 18. Be3 Rc6 19. Bg5 Rac8 20. Rc1 Nd5 21. Rd1 N7b6 22. Rb3 Rxc2 23. Qxc2 Rxc2 24. Kxc2 f5 25. Be3 f4 26. Bxb6 Qxb6 27. Nh3 e3 28. Rbd3 exf2 29. Rxd5 Qc6+ 30. Kb3 Qxd5+ 31. Rxd5 f1=Q 32. Ng5 Kf8 33. Nxh7+ Ke7 34. Ng5 Qxg2 35. Rxe5+ Kf6 36. Rc5 Qg3+ 37. Kxb4 Qxh4 38. Ne4+ Kg6 39. Rc6+ Kh5 40. Rc5+ Kg4 41. Rc4 Qe1+ 42. Kc5 f3 43. Kd5 g5 44. Rc2 Kf4 45. Nf2 Kf5 46. Kd4 Qe5+ 47. Kd3 g4 0-1

[Event "Bad Bertrich (30.11.-08.12)"]
[Site "?"]
[Date "2003.12.01"]
[Round "2.8"]
[White "Bold Konrad"]
[Black "Reimann Guenther"]
[Result "1/2-1/2"]
[WhiteElo "2173"]
[BlackElo "2039"]
[PlyCount "42"]
[EventDate "2003.??.??"]
[Source "www.chesslib.no"]
[SourceDate "2004.05.04"]

1. e4 e6 2. d4 d5 3. Nc3 Nf6 4. Bd3 c5 5. exd5 Nxd5 6. Nf3 Nc6 7. Ne2 cxd4 8. Nexd4 Bd7 9. O-O Be7 10. c4 Nf6 11. Bd2 O-O 12. Qe2 a6 13. Bc3 Qc7 14. Rad1 Rfd8 15. Bb1 Rac8 16. b3 Ne8 17. Rfe1 Bf6 18. Qb2 b5 19. cxb5 Nxd4 20. Bxd4 Bxd4 21. Rxd4 Bxb5 1/2-1/2

[Event "Bayernliga 2001/02"]
[Site "?"]
[Date "2002.??.??"]
[Round "6"]
[White "Geberl Hans Walter"]
[Black "Altmann Christoph"]
[Result "0-1"]
[WhiteElo "2205"]
[BlackElo "1995"]
[PlyCount "68"]
[EventDate "2002.??.??"]
[Source "www.chesslib.no"]
[SourceDate "2004.05.04"]

1. e4 e6 2. d4 d5 3. Nc3 Nf6 4. Bd3 c5 5. dxc5 dxe4 6. Bb5+ Bd7 7. Bg5 Qa5 8. Qe2 a6 9. Bxd7+ Nbxd7 10. Nh3 Bxc5 11. O-O h6 12. Bd2 Be7 13. Nxe4 Qe5 14. Nxf6+ Bxf6 15. Qf3 Qc7 16. Bb4 Ne5 17. Qd1 Nc4 18. Qf3 Nxb2 19. Rab1 Qc6 20. Qb3 Na4 21. Rfd1 b5 22. Rd3 Rc8 23. Re1 Qc4 24. Rd6 Be7 25. Qa3 O-O 26. Rd4 Qxd4 27. Bxe7 Rfe8 28. Bb4 Rc4 29. Ba5 Nc3 30. Qb3 Rec8 31. g3 Qd2 32. Kf1 Qd5 33. Kg1 Qf3 34. Nf4 g5 0-1

[Event "Uzes Open"]
[Site "Uzes"]
[Date "1989.??.??"]
[Round "1"]
[White "Arkell, Keith C"]
[Black "Fournier, Jean Fred"]
[Result "1-0"]
[WhiteElo "2450"]
[BlackElo "1750"]
[PlyCount "39"]
[EventDate "1989.??.??"]
[Source "www.chesslib.no"]
[SourceDate "2004.05.04"]

1. e4 e6 2. d4 d5 3. Nc3 Nf6 4. Bd3 Be7 5. Nf3 dxe4 6. Nxe4 Nxe4 7. Bxe4 Nd7 8. Qe2 Nf6 9. Bd3 O-O 10. Bg5 Nd5 11. h4 Nf6 12. O-O-O Qd5 13. Kb1 Re8 14. Ne5 Bd7 15. c4 Qd6 16. c5 Qd5 17. Bxf6 Bxf6 18. Bc4 Bb5 19. Bxb5 c6 20. Bc4 1-0

[Event "URS-chT"]
[Site "Moscow"]
[Date "1972.??.??"]
[Round "?"]
[White "Lematschko, Tatjana"]
[Black "Khugashvili, Tamara"]
[Result "1-0"]
[WhiteElo "2200"]
[BlackElo "2000"]
[PlyCount "63"]
[EventDate "1972.??.??"]
[Source "ChessBase"]

1. e4 e6 2. d4 d5 3. Nc3 Nf6 4. Bd3 c5 5. exd5 Nxd5 6. Nf3 Nc6 7. Nxd5 exd5 8. O-O Be7 9. dxc5 O-O 10. Be3 f5 11. Qd2 h6 12. c3 g5 13. b4 f4 14. Bd4 Bf6 15. Bc2 Bxd4 16. Nxd4 Ne5 17. Rfe1 Qf6 18. Bb3 Bg4 19. Bxd5+ Kg7 20. f3 Rad8 21. fxg4 Rxd5 22. Nf5+ Qxf5 23. Qxd5 Nxg4 24. Re7+ Kg6 25. Qxf5+ Rxf5 26. Rxb7 f3 27. gxf3 Rxf3 28. Rc1 Ne5 29. Rxa7 g4 30. Re7 Re3 31. Rxe5 Rxe5 32. c6 1-0

[Event "Bayernliga 1999/00"]
[Site "?"]
[Date "2000.??.??"]
[Round "7"]
[White "Mares Vaclav"]
[Black "Thanner Hans Peter"]
[Result "0-1"]
[WhiteElo "1990"]
[BlackElo "2130"]
[PlyCount "127"]
[EventDate "2000.??.??"]
[Source "www.chesslib.no"]
[SourceDate "2004.05.04"]

1. e4 e6 2. d4 d5 3. Nc3 Nf6 4. Bd3 c5 5. exd5 Nxd5 6. Nf3 Nc6 7. Bb5 Nxc3 8. bxc3 cxd4 9. Nxd4 Bd7 10. O-O Be7 11. Nxc6 Bxc6 12. Bxc6+ bxc6 13. Qg4 O-O 14. Bh6 Bf6 15. Rfd1 Qa5 16. Rd3 Rfd8 17. Rg3 Qf5 18. Qxf5 exf5 19. Bf4 Rd5 20. h3 Rad8 21. Re1 Kf8 22. Bc7 R8d7 23. Rge3 g5 24. Be5 f4 25. Re4 Bxe5 26. Rxe5 Rxe5 27. Rxe5 Rd1+ 28. Kh2 Rd5 29. Re4 Rc5 30. Ra4 Rxc3 31. Rxa7 Rxc2 32. Kg1 Rc1+ 33. Kh2 c5 34. a4 Rf1 35. f3 Ra1 36. h4 h6 37. hxg5 hxg5 38. Kh3 f5 39. Kh2 g4 40. fxg4 fxg4 41. Rc7 Ra2 42. Kg1 g3 43. Kf1 Rf2+ 44. Kg1 Rc2 45. Kf1 Ke8 46. a5 Rf2+ 47. Kg1 Ra2 48. Kf1 Rxa5 49. Ke2 Kd8 50. Rf7 Ra2+ 51. Kf3 Rf2+ 52. Kg4 Rxg2 53. Rxf4 Kd7 54. Rf1 Kd6 55. Kh3 Rf2 56. Rd1+ Ke5 57. Kxg3 Rf8 58. Kg2 Ke4 59. Rc1 Kd4 60. Rd1+ Ke3 61. Rc1 Rf2+ 62. Kg3 Rf5 63. Kg4 Rd5 64. Kg3 0-1

[Event "Prague AKO op"]
[Site "?"]
[Date "2001.??.??"]
[Round "?"]
[White "Hajek Josef"]
[Black "Cifka Stanislav"]
[Result "0-1"]
[WhiteElo "2145"]
[BlackElo "1905"]
[PlyCount "44"]
[EventDate "2001.??.??"]
[Source "www.chesslib.no"]
[SourceDate "2004.05.04"]

1. e4 e6 2. d4 d5 3. Nc3 Nf6 4. Bd3 c5 5. exd5 exd5 6. dxc5 Bxc5 7. Nf3 O-O 8. O-O Nc6 9. Bg5 Be6 10. Qd2 a6 11. Rad1 Rc8 12. Rfe1 Ba7 13. Qf4 h6 14. Bxh6 gxh6 15. Qxh6 Bxf2+ 16. Kh1 Bxe1 17. Ng5 Re8 18. Nxd5 Bxd5 19. Bh7+ Nxh7 20. Qxh7+ Kf8 21. Qh6+ Ke7 22. Rxe1+ Kd7 0-1

[Event "Ceske Budejovice op"]
[Site "?"]
[Date "2000.??.??"]
[Round "5"]
[White "Rerabkova Lucie"]
[Black "Kukla Petr"]
[Result "0-1"]
[WhiteElo "2015"]
[BlackElo "1920"]
[PlyCount "48"]
[EventDate "2000.??.??"]
[Source "www.chesslib.no"]
[SourceDate "2004.05.04"]

1. e4 e6 2. d4 d5 3. Nc3 Nf6 4. Bd3 dxe4 5. Nxe4 Nbd7 6. Ne2 Be7 7. O-O b6 8. N2c3 Bb7 9. Qf3 Rb8 10. Qg3 Nh5 11. Qe3 Nhf6 12. Qe2 Nxe4 13. Nxe4 Nf6 14. Nxf6+ Bxf6 15. c3 O-O 16. Bf4 Rc8 17. Rfe1 g6 18. Rad1 Qd7 19. Qg4 Rcd8 20. Re3 c5 21. dxc5 e5 22. Qxd7 Rxd7 23. Rxe5 Bxe5 24. Bxe5 Rfd8 0-1

[Event "Regionalliga NO 9899"]
[Site "?"]
[Date "1999.??.??"]
[Round "?"]
[White "Mares Vaclav"]
[Black "Pfeiffer Georg"]
[Result "1-0"]
[WhiteElo "1975"]
[BlackElo "1955"]
[PlyCount "97"]
[EventDate "1999.??.??"]
[Source "www.chesslib.no"]
[SourceDate "2004.05.04"]

1. e4 e6 2. d4 d5 3. Nc3 Nf6 4. Bd3 dxe4 5. Nxe4 Be7 6. Nf3 O-O 7. O-O b6 8. Nxf6+ Bxf6 9. Be4 c6 10. c3 Bb7 11. Bf4 Nd7 12. Qc2 g6 13. Rad1 Bg7 14. Ne5 Nxe5 15. Bxe5 Qd7 16. Qa4 Rfd8 17. Bxg7 Kxg7 18. Rfe1 c5 19. Qxd7 Rxd7 20. Bxb7 Rxb7 21. dxc5 bxc5 22. b3 c4 23. b4 a5 24. a3 axb4 25. axb4 Ra3 26. Re3 Rb3 27. g3 Kf6 28. Rd4 Rc7 29. Kg2 Ke7 30. h4 f5 31. Kf3 Rc6 32. g4 Rb2 33. g5 Rb3 34. Kf4 Rc7 35. Ke5 Rc6 36. h5 gxh5 37. Rh3 Rd6 38. Rxc4 Rd5+ 39. Kf4 Kd6 40. Rc8 Rb5 41. Rd3+ Ke7 42. Rc7+ Ke8 43. Re3 Rb2 44. f3 Rb6 45. Rxh7 Rh2 46. Ke5 h4 47. f4 Kf8 48. Kf6 Kg8 49. Rd7 1-0

[Event "Gent Gran Ch"]
[Site "Gent Gran"]
[Date "1996.??.??"]
[Round "1"]
[White "Ponce De Leon, Joan"]
[Black "Vazquez Gonzalez, Manuel"]
[Result "1/2-1/2"]
[WhiteElo "1900"]
[BlackElo "2010"]
[PlyCount "85"]
[EventDate "1996.??.??"]
[Source "www.chesslib.no"]
[SourceDate "2004.05.04"]

1. e4 e6 2. d4 d5 3. Nc3 Nf6 4. Bd3 Nc6 5. Nf3 dxe4 6. Nxe4 Be7 7. O-O Bd7 8. c3 Nxe4 9. Bxe4 f5 10. Bc2 O-O 11. Re1 Bf6 12. d5 exd5 13. Qxd5+ Kh8 14. Bf4 Bc8 15. Qxd8 Bxd8 16. Rad1 h6 17. Ne5 Nxe5 18. Bxe5 c6 19. g3 Bb6 20. Kg2 Kg8 21. Bb3+ Kh7 22. Bd4 c5 23. Be3 g5 24. Bd5 f4 25. Bc1 fxg3 26. hxg3 c4 27. Be3 Bf5 28. Bxb6 axb6 29. Bxc4 Rae8 30. Rxe8 Rxe8 31. Rd2 Be4+ 32. f3 Bc6 33. Kf2 Rf8 34. Bd5 Rf6 35. Bxc6 bxc6 36. b3 Kg6 37. c4 h5 38. Kg2 Kf5 39. Rd1 Re6 40. Kf2 h4 41. gxh4 gxh4 42. Rh1 Kg5 43. Rg1+ 1/2-1/2

[Event "CP.1999.P.00086"]
[Site "?"]
[Date "1999.??.??"]
[Round "?"]
[White "Leyen Peter"]
[Black "Barry Bob"]
[Result "1/2-1/2"]
[WhiteElo "1790"]
[BlackElo "2110"]
[PlyCount "56"]
[EventDate "1999.??.??"]
[Source "www.chesslib.no"]
[SourceDate "2004.05.04"]

1. e4 e6 2. d4 d5 3. Nc3 Nf6 4. Bd3 c5 5. exd5 exd5 6. dxc5 Bxc5 7. Nf3 O-O 8. O-O Nc6 9. Bg5 Be6 10. Qd2 Be7 11. Rfe1 h6 12. Bf4 Rc8 13. Ne5 Nxe5 14. Bxe5 Ng4 15. Bd4 Qd6 16. g3 a6 17. Be2 Nf6 18. Bf3 Rfd8 19. Rad1 Qc6 20. a3 Rd7 21. Kg2 Rcd8 22. Qe2 Ne8 23. Na2 Bf5 24. c3 Nf6 25. Nc1 Bc5 26. Nb3 Bf8 27. Be3 Bg6 28. Nd4 Qc7 1/2-1/2

[Event "Schney"]
[Site "?"]
[Date "1999.??.??"]
[Round "7"]
[White "Wilfert Peter"]
[Black "Koch Herbert"]
[Result "1/2-1/2"]
[WhiteElo "2011"]
[BlackElo "1812"]
[PlyCount "32"]
[EventDate "1999.??.??"]
[Source "www.chesslib.no"]
[SourceDate "2004.05.04"]

1. e4 e6 2. d4 d5 3. Nc3 Nf6 4. Bd3 c5 5. dxc5 dxe4 6. Bb5+ Bd7 7. Bg5 Be7 8. Nge2 O-O 9. O-O Bxb5 10. Nxb5 Na6 11. Ng3 Qxd1 12. Raxd1 h6 13. Bxf6 Bxf6 14. c3 Nxc5 15. Nd6 Na4 16. Ndxe4 Nxb2 1/2-1/2

[Event "FRA-ch U14"]
[Site "?"]
[Date "2002.??.??"]
[Round "6.10"]
[White "Deschamps Remi"]
[Black "Monsieux Cyril"]
[Result "0-1"]
[WhiteElo "1760"]
[BlackElo "2025"]
[PlyCount "38"]
[EventDate "2002.??.??"]
[Source "www.chesslib.no"]
[SourceDate "2004.05.04"]

1. e4 e6 2. d4 d5 3. Nc3 Nf6 4. Bd3 c5 5. exd5 exd5 6. dxc5 Bxc5 7. Qe2+ Be6 8. Bg5 O-O 9. O-O-O Be7 10. Nf3 Nc6 11. h4 h6 12. Nd2 Nb4 13. Kb1 d4 14. Nce4 Bxa2+ 15. Kc1 Rc8 16. Bxf6 Bxf6 17. Nxf6+ Qxf6 18. b3 Qa6 19. Kb2 Rxc2+ 0-1

[Event "Corr"]
[Site "?"]
[Date "2000.02.05"]
[Round "?"]
[White "Makarczuk Jacek"]
[Black "Barks Len"]
[Result "1/2-1/2"]
[WhiteElo "1923"]
[BlackElo "1828"]
[PlyCount "85"]
[EventDate "2000.??.??"]
[Source "www.chesslib.no"]
[SourceDate "2004.05.04"]

1. e4 e6 2. d4 d5 3. Nc3 Nf6 4. Bd3 c5 5. Nf3 c4 6. Be2 Nxe4 7. Nxe4 dxe4 8. Ne5 Qa5+ 9. c3 b5 10. Bf4 Qb6 11. O-O Bd6 12. Qd2 Qc7 13. Bg3 O-O 14. a4 f6 15. Ng4 Bxg3 16. fxg3 Ba6 17. b3 Nd7 18. b4 Nb6 19. axb5 Bxb5 20. Ra5 a6 21. Ne3 Rad8 22. Qe1 f5 23. Rf2 g6 24. Bf1 Rde8 25. Rd2 Kg7 26. Rd1 Rd8 27. Rda1 Rfe8 28. Rd1 e5 29. dxe5 Rxd1 30. Qxd1 Qxe5 31. Qe1 Na4 32. Qa1 Nxc3 33. Ra3 Na4 34. Rxa4 Bxa4 35. Qxa4 Rd8 36. Nxc4 Qd4+ 37. Kh1 Qd1 38. Qxd1 Rxd1 39. Kg1 Rb1 40. Ne3 Rxb4 41. Bxa6 Rb2 42. Kf1 Kf6 43. Be2 1/2-1/2

[Event "Most op-A"]
[Site "?"]
[Date "1999.??.??"]
[Round "?"]
[White "Priborsky Jan"]
[Black "Kucera Tomas"]
[Result "1/2-1/2"]
[WhiteElo "1670"]
[BlackElo "1975"]
[PlyCount "27"]
[EventDate "1999.??.??"]
[Source "www.chesslib.no"]
[SourceDate "2004.05.04"]

1. e4 e6 2. d4 d5 3. Nc3 Nf6 4. Bd3 c5 5. exd5 Nxd5 6. Be3 Nxe3 7. fxe3 cxd4 8. exd4 Nc6 9. Nf3 Bb4 10. Be4 Qa5 11. Qd2 O-O 12. O-O Rd8 13. a3 Be7 14. Qf2 1/2-1/2

[Event "FRA-chT U20 0203"]
[Site "?"]
[Date "2003.01.05"]
[Round "7.3"]
[White "Ashokan Kevin"]
[Black "Casassus Bastien"]
[Result "0-1"]
[WhiteElo "1640"]
[BlackElo "1900"]
[PlyCount "62"]
[EventDate "2003.??.??"]
[Source "www.chesslib.no"]
[SourceDate "2004.05.04"]

1. e4 e6 2. d4 d5 3. Nc3 Nf6 4. Bd3 c5 5. dxc5 Bxc5 6. Qe2 h6 7. Nf3 O-O 8. O-O Nc6 9. a3 a6 10. Bf4 Re8 11. Rad1 e5 12. Bc1 Bg4 13. Qe1 Nd4 14. Nxd4 exd4 15. Ne2 dxe4 16. Bc4 b5 17. Bb3 Qb6 18. h3 Bh5 19. Kh1 d3 20. Nc3 b4 21. Nd5 Nxd5 22. Bxd5 Rad8 23. Bb3 Bxd1 24. Qxd1 Rd6 25. axb4 Bxb4 26. Be3 Qb5 27. f3 dxc2 28. Qc1 exf3 29. gxf3 Rxe3 30. Bxc2 Qe2 31. Be4 Qxf1+ 0-1

[Event "Baden Ch Young Seniors"]
[Site "Hockenheim GER"]
[Date "1994.??.??"]
[Round "5"]
[White "Kuehner, Peter"]
[Black "Eichhorn, Rudi"]
[Result "1/2-1/2"]
[WhiteElo "1775"]
[BlackElo "1685"]
[PlyCount "89"]
[EventDate "1994.??.??"]
[Source "www.chesslib.no"]
[SourceDate "2004.05.04"]

1. e4 e6 2. d4 d5 3. Nc3 Nf6 4. Bd3 dxe4 5. Nxe4 Nbd7 6. c3 b6 7. Ne2 Bb7 8. f3 Be7 9. O-O O-O 10. Be3 Rc8 11. Qc2 c5 12. dxc5 Nxe4 13. Bxe4 Bxe4 14. Qxe4 Bxc5 15. Rad1 Qe7 16. Kh1 Bxe3 17. Qxe3 Nc5 18. Nd4 a6 19. Rfe1 Qc7 20. Qg5 Rce8 21. Re2 e5 22. Nf5 f6 23. Qg4 Rd8 24. Red2 Rxd2 25. Rxd2 g6 26. Qc4+ Kh8 27. Nd6 Qe7 28. b4 Nb7 29. Nxb7 Qxb7 30. Qe6 Qc8 31. Qd6 Kg7 32. Qd7+ Qxd7 33. Rxd7+ Rf7 34. Rxf7+ Kxf7 35. c4 Ke6 36. Kg1 Kd6 37. Kf2 h5 38. Ke3 f5 39. h4 Ke6 40. Kd3 Kd6 41. Kc3 Kc6 42. g3 Kd6 43. Kd3 Ke6 44. Ke3 Kd6 45. Kd3 1/2-1/2